000 00548nam a22002057a 4500
003 Ost
005 20260226051603.0
008 260226b |||||||| |||| 00| 0 eng d
020 _a9780073373775
040 _cBT-PhCST
050 _a25637-25638
082 _222
_a621.381
_bTOK
100 _a Tokheim, Roger.
245 _aDigital electronics :
_bprinciples and applications /
250 _a8th ed.
260 _aNew York :
_bMcGraw Hill,
_cc2014.
300 _axvi, 560 p. :
_bill. ;
_c28 cm.
500 _aIncludes Index.
942 _2ddc
_cECE
999 _c10147
_d10147